000 00493nam a2200181Ia 4500
003 GCL
008 140319s9999 xx 000 0 ara d
040 _aGCL /
_cGCL
082 0 4 _a953.101
_bن ت
100 1 _aناصر الدين الاسد
245 1 0 _aتاريخ نجد /
_cناصر الدين الاسد
300 _a599 ص
490 _a
650 0 4 _aنجد
650 0 4 _aالمملكة العربية السعودية
650 0 4 _aمحمد عبدالوهاب
942 _2ddc
_cBK
999 _c41027
_d41027